000 00593nam a2200229Ia 4500
003 OSt
005 20221006151316.0
006 a|||||r|||| 00| 0
007 ta
008 221006b |||||||| |||| 00| 0 eng d
024 _a21,677
037 _cTextual
040 _aEASL
_cEASL
_beng
041 _2eng
_aeng
100 _aBOWIE Robert R
245 0 _aCommunist China 1955-1959
260 _aHarvard
_bHarvard University Press
_c1962
300 _a611p.
_ccm.
700 _a FAIRBANK John K
942 _cTEXL
_2CC
999 _c1089763
_d1089763